000
003210000a22001450004500
001
003691
003
MACL
040
_a
MACL
090
_c
15684
_d
15683
100
_a
Nanda, Vevek
245
_a
Chidambaram
_b
Home Of Nataraja
_c
Vevek Nanda
260
_a
Marq Publications,
_c
2004
650
_a
Religion
942
_k
292
_c
Book
999
_c
15587
_d
15587